|
|
|
|
| LEADER |
00000nab a2200000 a 4500 |
| 001 |
vtls008416028 |
| 003 |
SK-MaSNL |
| 005 |
20260304222934.0 |
| 008 |
250505c2005 xo 0 slo |
| 015 |
|
|
|a SNBCL2005/5
|
| 035 |
|
|
|a SLK034152
|
| 035 |
|
|
|a urn:nbn:sk:snk-ab32ru
|
| 035 |
|
|
|a (urnnbn)urn:nbn:sk:snk:ar-a05qgo
|
| 035 |
|
|
|a (uuid)7b18b1e8-ea03-4e24-994b-f71af505121d
|
| 040 |
|
|
|a SNKBUCL
|b slo
|c SNKBUCL
|e AACR2
|
| 041 |
0 |
|
|a slo
|b eng
|b slo
|
| 044 |
|
|
|a xo
|c SK
|
| 080 |
|
|
|a 616.754-004.5-089
|2 1981
|
| 100 |
1 |
|
|a Bzdúchová, Oľga,
|c MUDr
|4 aut
|9 646516
|
| 245 |
1 |
0 |
|a Edémy dolných končatín cievnej etiológie
|c Oľga Bzdúchová
|
| 246 |
1 |
0 |
|a Lower extremities oedemas of vascular etiology
|
| 246 |
1 |
1 |
|a Lower extremities oedemas of vascular etiology
|
| 300 |
|
|
|b Obr.
|
| 504 |
|
|
|a Res. angl., slov.
|
| 504 |
|
|
|a Bibliogr. odkazy
|
| 650 |
0 |
7 |
|a lymfedém
|x diagnostika
|2 MESH
|9 1430017
|
| 650 |
0 |
7 |
|a insuficiencia venózna
|x klasifikácia
|2 MESH
|9 1454479
|
| 650 |
0 |
7 |
|a mikrocirkulácia
|2 MESH
|9 20147
|
| 650 |
0 |
7 |
|a ischémia
|x krv
|2 MESH
|9 1556414
|
| 650 |
0 |
7 |
|a systém lymfatický
|x abnormality
|2 MESH
|9 1556415
|
| 650 |
0 |
7 |
|a výkony chirurgické na cievach
|2 MESH
|9 873113
|
| 650 |
0 |
7 |
|a dolné končatiny
|2 MESH
|9 28862
|
| 650 |
0 |
7 |
|a patologická fyziológia
|2 MESH
|9 2562
|
| 773 |
0 |
|
|t Interná medicína
|g Roč. 5, č. 5 (2005), s. 298-302
|x 1335-8359
|
| 850 |
|
|
|a Slovenská národná knižnica
|
| 852 |
|
|
|a Slovenská národná knižnica
|
| 954 |
|
|
|a odborná, vedecká literatúra pôvodná (slovenská)
|2 lita
|
| 958 |
|
|
|a article2022
|
| 958 |
|
|
|a OND
|
| 958 |
|
|
|a EUIPO
|
| 999 |
|
|
|c 3165821
|d 3167751
|